<?xml version="1.0" encoding="UTF-8"?>
<record
    xmlns:xsi="http://www.w3.org/2001/XMLSchema-instance"
    xsi:schemaLocation="http://www.loc.gov/MARC21/slim http://www.loc.gov/standards/marcxml/schema/MARC21slim.xsd"
    xmlns="http://www.loc.gov/MARC21/slim">

  <leader>00665nam a2200193Ia 4500</leader>
  <datafield tag="999" ind1=" " ind2=" ">
    <subfield code="c">39839</subfield>
    <subfield code="d">39839</subfield>
  </datafield>
  <controlfield tag="001">6444</controlfield>
  <controlfield tag="003">GE_BSU</controlfield>
  <controlfield tag="005">20191011163016.0</controlfield>
  <controlfield tag="008">181216s1982||||ge |||||||||||||| ||geo||</controlfield>
  <datafield tag="040" ind1=" " ind2=" ">
    <subfield code="c">GE_BSU</subfield>
  </datafield>
  <datafield tag="080" ind1=" " ind2=" ">
    <subfield code="a">82-93  &#x10D1;-52 </subfield>
  </datafield>
  <datafield tag="100" ind1=" " ind2=" ">
    <subfield code="a">&#x10D1;&#x10D4;&#x10E0;&#x10D8;&#x10D0;&#x10DC;&#x10D8;&#x10EB;&#x10D4;, &#x10DC;&#x10D8;&#x10D9;&#x10DD;&#x10DA;&#x10DD;&#x10D6;.</subfield>
    <subfield code="9">4699</subfield>
  </datafield>
  <datafield tag="245" ind1=" " ind2=" ">
    <subfield code="a">&#x10DC;&#x10D8;&#x10E8;&#x10DC;&#x10D4;&#x10D1;&#x10D8;&#x10E1; &#x10E1;&#x10D0;&#x10E3;&#x10D1;&#x10D0;&#x10E0;&#x10D8; :</subfield>
    <subfield code="b">&#x10DE;&#x10D8;&#x10D4;&#x10E1;&#x10D0;  &#x10D4;&#x10E0;&#x10D7; &#x10DB;&#x10DD;&#x10E5;&#x10DB;&#x10D4;&#x10D3;&#x10D4;&#x10D1;&#x10D0;&#x10D3; /</subfield>
  </datafield>
  <datafield tag="264" ind1=" " ind2=" ">
    <subfield code="a">&#x10D7;&#x10D1;&#x10D8;&#x10DA;&#x10D8;&#x10E1;&#x10D8; :</subfield>
    <subfield code="b">&#x10EE;&#x10D4;&#x10DA;&#x10DD;&#x10D5;&#x10DC;&#x10D4;&#x10D1;&#x10D0; ;</subfield>
    <subfield code="c">1982.</subfield>
  </datafield>
  <datafield tag="300" ind1=" " ind2=" ">
    <subfield code="a">31 &#x10D2;&#x10D5;. ;</subfield>
    <subfield code="c">17 &#x10E1;&#x10DB;.</subfield>
  </datafield>
  <datafield tag="653" ind1=" " ind2=" ">
    <subfield code="a">&#x10DC;&#x10D8;&#x10E8;&#x10DC;&#x10D4;&#x10D1;&#x10D8;&#x10E1; &#x10E1;&#x10D0;&#x10E3;&#x10D1;&#x10D0;&#x10E0;&#x10D8;</subfield>
  </datafield>
  <datafield tag="653" ind1=" " ind2=" ">
    <subfield code="a">&#x10DE;&#x10D8;&#x10D4;&#x10E1;&#x10D0;</subfield>
  </datafield>
  <datafield tag="942" ind1=" " ind2=" ">
    <subfield code="c">BK</subfield>
    <subfield code="2">udc</subfield>
  </datafield>
  <datafield tag="952" ind1=" " ind2=" ">
    <subfield code="0">0</subfield>
    <subfield code="1">0</subfield>
    <subfield code="2">udc</subfield>
    <subfield code="4">0</subfield>
    <subfield code="6">8293_&#x10D1;52</subfield>
    <subfield code="7">0</subfield>
    <subfield code="9">43720</subfield>
    <subfield code="a">CPL</subfield>
    <subfield code="b">CPL</subfield>
    <subfield code="c">GEN</subfield>
    <subfield code="d">2018-12-17</subfield>
    <subfield code="g">0.40</subfield>
    <subfield code="o">82-93  &#x10D1;-52</subfield>
    <subfield code="p">14075</subfield>
    <subfield code="r">2018-12-17</subfield>
    <subfield code="t">14075</subfield>
    <subfield code="w">2018-12-17</subfield>
    <subfield code="y">BK</subfield>
    <subfield code="z">0.40 &#x10DA;.</subfield>
  </datafield>
  <datafield tag="952" ind1=" " ind2=" ">
    <subfield code="0">0</subfield>
    <subfield code="1">0</subfield>
    <subfield code="2">udc</subfield>
    <subfield code="4">0</subfield>
    <subfield code="6">8293_&#x10D1;52</subfield>
    <subfield code="7">0</subfield>
    <subfield code="9">43721</subfield>
    <subfield code="a">CPL</subfield>
    <subfield code="b">CPL</subfield>
    <subfield code="c">GEN</subfield>
    <subfield code="d">2018-12-17</subfield>
    <subfield code="g">0.40</subfield>
    <subfield code="o">82-93  &#x10D1;-52</subfield>
    <subfield code="p">14076</subfield>
    <subfield code="r">2018-12-17</subfield>
    <subfield code="t">14076</subfield>
    <subfield code="w">2018-12-17</subfield>
    <subfield code="y">BK</subfield>
    <subfield code="z">0.40 &#x10DA;.</subfield>
  </datafield>
</record>
